000 00639nam a2200205Ia 4500
003 GCL
008 140319s9999 xx 000 0 ara d
040 _aGCL /
_cGCL
082 0 4 _a953.101
_bع م
100 1 _aعبدالفتاح حسن ابوعلية
245 1 0 _aمحاضرات فى تاريخ الدولة السعودية الاولى /
_cعبدالفتاح حسن ابوعلية
260 _a[S.N] :
_bدار المريخ للنشر ،
_c1983
300 _a130 ص
490 _a
650 0 4 _aالعصر الحديث
650 0 4 _aتاريخ
650 0 4 _aالسعودية
650 0 4 _aالوهابية
942 _2ddc
_cBK
999 _c28244
_d28244